书目信息 |
| 题名: |
遵守纪律
|
|
| 作者: | 郭能雄 编写 | |
| 分册: | ||
| 出版信息: | 上海 上海教育出版社 1979 |
|
| 页数: | 66页 | |
| 开本: | 19cm | |
| 丛书名: | ||
| 单 册: | ||
| 中图分类: | G634.25 | |
| 科图分类: | ||
| 主题词: | 品德教育--中小学--课外读物 | |
| 电子资源: | ||
| ISBN: | ||
| 000 | 00579nam0 2200217 45 | |
| 001 | 0179009188 | |
| 005 | 20060816171003.20 | |
| 010 | @dCNY0.19 | |
| 100 | @a19950914d1979 dm y0chiy0121 ea | |
| 101 | 0 | @achi |
| 102 | @aCN@b310000 | |
| 105 | @ay z 000yy | |
| 200 | 10 | @a遵守纪律@Azun shou ji lv@f郭能雄等编写 |
| 210 | @a上海@c上海教育出版社@d1979 | |
| 215 | @a66页@d19cm | |
| 300 | @a中小学品德教育读物 | |
| 606 | @a品德教育@x中小学@x课外读物 | |
| 690 | @aG634.25@v3 | |
| 701 | 0 | @a郭能雄@Aguo neng xiong@4编写 |
| 801 | 0 | @aCN@bTSSF@c20060816 |
| 905 | @a10447@dG634.25@e315 | |
| 遵守纪律/郭能雄等编写.-上海:上海教育出版社,1979 |
| 66页;19cm |
| 中小学品德教育读物 |
| ISBN :CNY0.19 |
| ● |
| 相关链接 |
|
|
|
|
正题名:遵守纪律
索取号:G634.25/315
 
预约/预借
| 序号 | 登录号 | 条形码 | 馆藏地/架位号 | 状态 | 备注 |
| 1 | 0465093 | 204650939 | 第一样本阅览室/ [索取号:G634.25/315] | 在馆 |